000 01615nam0a22003851 4500
001 v19\rc\1812252
005 20250619130438.0
035 _a(NLR Aleph) 004911855
090 _a5485675
_c5485675
100 _a20071224d1906 |||y0rusy50 ca
101 0 _arus
102 _aRU
105 _ay z |||||
200 1 _aНесколько мыслей и соображений по поводу аграрного вопроса
_f[И. Стебут]
210 _aСанкт-Петербург
_cтип. В.Ф. Киршбаума
_d1906
215 _a69 с.
_d24
300 _aАвт. указан в конце предисл.
311 _aДополнение....-Спб.:тип. п/ф "Г.П. Пожаров", 1906 (шифр: 34.85.6.915(3))
421 0 _11010#$arus
_12001#$aДополнение...
_1210##$aСанкт-Петербург$cтип. п/ф "Г.П. Пожаров"$d1906
_1215##$a38 с.$d20
_1899##$aNLR$j34.85.6.915(3)
_tДополнение...
700 1 _aСтебут
_bИ.А.
_f1833-1923
_gИван Александрович
801 0 _aRU
_bNLR
_gpsbo
801 0 _aRU
_bRuMoRGB
_2psbo
801 1 _aRU
_bProSoft-M
_2rusmarc
852 _aNLR
_j34.85.6.915(1, 2)
852 _aNLR
_j37.9.7.31
899 _aRuMoRGB (без доп.)
_jN 58/176
899 _aRuMoRGB (без доп.)
_jM 135/848
899 _aRuMoRGB (без доп.)
_jM 163/191
899 _aRuMoRGB (без доп.)
_jМК
899 _aБАН (без доп.)
899 _aНБ СПбГУ (без доп.)
899 _aГПИБ (без доп.)
899 _aНБ МГУ (без доп.)
942 _cBOOK
980 _aNB